| 000 | 01151nam a2200289Ia 4500 | ||
|---|---|---|---|
| 000 | nam a22 i 4500 | ||
| 001 | UNACH-11163 | ||
| 007 | ta | ||
| 008 | 221212s ||||fr|||| 00| | spa d | ||
| 020 | _a978-84-662-0809-3 | ||
| 041 | 0 | _aspa | |
| 082 | 0 | 4 |
_a371.3 _bDidáctica o dirección de Aprendizaje |
| 100 | 1 |
_aLEÓN GROSS, Ebee, _eautor |
|
| 245 | 1 | 0 |
_aTÉCNICAS DE ESTUDIO : _bClaves para mejorar el rendimiento intelectual |
| 264 | 3 | 1 |
_a[Madrid] : _aEspaña : _bEditorial Libsa, _c2004 |
| 300 |
_a318 páginas : _bilustraciones |
||
| 336 |
_atexto _btxt _2rdacontent |
||
| 337 |
_ano mediado _bn _2rdamedia |
||
| 338 |
_avolumen _bnc _2rdacarrier |
||
| 504 | _aIncluye: índice | ||
| 505 | 0 | _aLa planificación.-- autoanálisis.-- la motivación.-- la memoria.-- la concentrción.-- la escritura.-- los apuntes.-- la asistencia a clase.-- trabajos de investigación.-- el subrayado.-- los resúmenes.-- las síntesis.-- los esquemas.-- consejos para opositores.-- un buen método.-- la evaluación | |
| 650 | 1 | 4 | _aFACTORES DE RENDIMIENTO |
| 650 | 2 | 4 | _aAUMENTO DEL RENDIMIENTO |
| 650 | 2 | 4 | _aESTUDIO |
| 942 |
_2ddc _c1 _n0 |
||
| 999 |
_c8704 _d8704 |
||